Trhový pozicioning vybraného produktu diplomová práca

Salvato in:
Dettagli Bibliografici
Autore principale: Tišťanová, Ivana
Ente Autore: Fakulta podnikového manažmentu EU. Katedra podnikovohospodárska
Altri autori: Štetka, Peter, 1986-
Natura: Libro
Lingua:slovacco
Pubblicazione: Bratislava 2017
Tags: Aggiungi Tag
Nessun Tag, puoi essere il primo ad aggiungerne!!

MARC

LEADER 00000nbm a2200000 4500
001 0232586
005 20171030111426.3
041 0 |a slo 
044 |a SK 
245 1 0 |a Trhový pozicioning vybraného produktu  |b diplomová práca  |c Ivana Tišťanová ; školiteľ: Peter Štetka 
264 1 |a Bratislava  |c 2017 
300 |a 80 s. 
100 1 |a Tišťanová, Ivana 
700 1 |a Štetka, Peter, 1986- 
710 2 |a Fakulta podnikového manažmentu EU. Katedra podnikovohospodárska